000
00298nam a22001337a 4500
008
181218b xxu||||| |||| 00| 0 eng d
020
_a
0834201445
041
_a
eng
080
_a
612.39
100
_a
10
101
_a
nut
245
_a
Nutrtion In Publlc Health
_c
Kaufman.M
942
_2
udc
_c
BK
999
_c
53440
_d
53440